Freight movement from origin to destination : hearing before the Subcommittee on Highways and Transit of the Committee on Transportation and Infrastructure, House of Representatives, One Hundred Tenth Congress, second session, April 24, 2008.

Bibliographic Details
Corporate Authors: United States. Congress. House. Committee on Transportation and Infrastructure. Subcommittee on Highways and Transit (2001-2003), ProQuest (Firm)
Format: eBook
Language:English
Published: Washington : U.S. G.P.O. : 2008.
Series:U.S. Congressional Hearings.
Subjects:
Online Access:Connect to the full text of this electronic book

MARC

Tag First Indicator Second Indicator Subfields
LEADER 00000cam a22000001a 4500
001 in00003276513
006 m d f
007 cr bn mmmapmmp
008 110909s2008 dcua ob f000 0 eng d
005 20260511183500.8
035 |a chdc200900760 
040 |a ProQuest  |c ProQuest  |d UtOrBLW 
043 |a n-us--- 
074 |a 1024-A-01 
099 |a HRG-2008-HTI-0032 
110 1 |a United States.  |b Congress.  |b House.  |b Committee on Transportation and Infrastructure.  |b Subcommittee on Highways and Transit (2001-2003) 
245 1 0 |a Freight movement from origin to destination :  |b hearing before the Subcommittee on Highways and Transit of the Committee on Transportation and Infrastructure, House of Representatives, One Hundred Tenth Congress, second session, April 24, 2008. 
264 1 |a Washington :  |b U.S. G.P.O. :  |c 2008. 
264 2 |a Washington :  |b For sale by the Supt. of Docs., U.S. G.P.O., 
300 |a 1 online resource. 
336 |a text  |b txt  |2 rdacontent 
337 |a computer  |b c  |2 rdamedia 
338 |a online resource  |b cr  |2 rdacarrier 
500 |a Shipping list number: 2009-0399-P. 
504 |a Includes bibliographical references. 
500 |a "110-121." 
500 |a Reuse of record except for individual research requires license from ProQuest, LLC. 
500 |a Electronic resource. 
538 |a System requirements: PDF reader software. 
650 0 |a Freight and freightage  |z United States  |x Planning. 
650 0 |a Choice of transportation  |z United States. 
650 0 |a Origin and destination traffic surveys  |z United States. 
655 7 |a Electronic books.  |2 local 
710 2 |a ProQuest (Firm) 
776 0 8 |i Print version:   |a United States.Congress.House.Committee on Transportation and Infrastructure.Subcommittee on Highways and Transit.  |t Freight movement from origin to destination  |w (DLC)2009416861  |w (OCoLC)431373273  |z 9780160837418  |z 0160837413 
776 0 8 |i Microfiche version:   |a United States.Congress.House.Committee on Transportation and Infrastructure.Subcommittee on Highways and Transit.  |t Freight movement from origin to destination  |d [Bethesda, Md.] : ProQuest LLC, [2004]  |o CIS 2009 H751-41  |w (ProQuest)cis00901353 
830 0 |a U.S. Congressional Hearings. 
856 4 0 |u http://proxy.library.tamu.edu/login?url=https://congressional.proquest.com/congcomp/getdoc?HEARING-ID=HRG-2008-HTI-0032  |z Connect to the full text of this electronic book  |t 0 
998 |a cis00901353 
999 |a MARS 
999 f f |s 133e5d29-8e99-38cd-8e37-85999e35c604  |i 61a066a6-19f0-353d-b5c8-dba74f9690db  |t 0 
952 f f |a Texas A&M University  |b College Station  |c Electronic Resources  |s www_evans  |d Available Online  |t 0  |e HRG-2008-HTI-0032  |h Other scheme 
998 f f |a HRG-2008-HTI-0032  |t 0  |l Available Online